Vegetable growing in India (Record no. 27533)

MARC details
000 -LEADER
fixed length control field 00306nam a2200121Ia 4500
082 ## - DEWEY DECIMAL CLASSIFICATION NUMBER
Classification number 635.1/.8(540)
Item number KAT
100 ## - MAIN ENTRY--AUTHOR NAME
Personal name KATYAL, S L
245 #0 - TITLE STATEMENT
Title Vegetable growing in India
260 ## - PUBLICATION, DISTRIBUTION, ETC. (IMPRINT)
Place of publication New Delhi
Name of publisher Oxford & IBH
Year of publication 1977
650 ## - SUBJECT ADDED ENTRY--TOPICAL TERM
Topical Term Vegetables
942 ## - ADDED ENTRY ELEMENTS (KOHA)
Koha item type Books
Holdings
Withdrawn status Lost status Damaged status Not for loan Home library Current library Date acquired Full call number Accession Number Koha item type
        RRII Library RRII Library 16/12/2021 635.1/.8(540) KAT 08151 Books